Asesoramiento a personal docente del nivel de educación preescolar sobre, procesos iniciales de lecto-escritura desde la filosofía del Lenguaje Integral /
Guardat en:
| Autor principal: | |
|---|---|
| Autor corporatiu: | |
| Format: | Llibre |
| Idioma: | Spanish |
| Publicat: |
San José, Costa Rica :
INIE,
2005
|
| Matèries: | |
| Etiquetes: |
Afegir etiqueta
Sense etiquetes, Sigues el primer a etiquetar aquest registre!
|
MARC
| LEADER | 00000nam a2200000Ia 4500 | ||
|---|---|---|---|
| 008 | 180711b2005 cr ||||| |||| 00| | spa d | ||
| 999 | |c 2224 |d 2224 | ||
| 090 | |a 18.01.01 |b 1372 | ||
| 100 | 1 | |a Chaves Salas, Ana Lupita |9 255 | |
| 110 | |a Instituto de Investigación en Educación | ||
| 245 | 1 | 0 | |a Asesoramiento a personal docente del nivel de educación preescolar sobre, procesos iniciales de lecto-escritura desde la filosofía del Lenguaje Integral / |c Ana Lupita Chaves Salas |
| 260 | |a San José, Costa Rica : |b INIE, |c 2005 | ||
| 300 | |a 28 páginas | ||
| 500 | |a Informe de Acción Social | ||
| 650 | 0 | |a INFORMES SOBRE PROYECTOS |9 3986 | |
| 650 | 0 | |a EDUCACIÓN PREESCOLAR |9 455 | |
| 650 | 0 | |a LENGUAJE |9 889 | |
| 650 | 0 | |a DOCENTES |9 331 | |
| 942 | |i 002145 |h 18.01.01 1372 |2 z |c 04 | ||
